| 000 | 00736cam a2200217 a 4500 | ||
|---|---|---|---|
| 020 | _a0072319917 (pbk. : acidfree paper) | ||
| 040 | _cDLC | ||
| 082 | 0 | 0 | _a305 MCG 2001 A010 Or. |
| 100 | 1 | _aAguirre, Adalberto. | |
| 245 | 1 | 0 |
_aAmerican ethnicity : _bthe dynamics and consequences of discrimination / |
| 250 | _a3rd ed. | ||
| 260 |
_aBoston : _bMcGraw-Hill, _cc2001. |
||
| 300 |
_axvii, 332 p. : _bill. ; _c24 cm. |
||
| 650 | 0 | _aDiscrimination | |
| 650 | 0 | _aEthnicity | |
| 700 | 1 | _aTurner, Jonathan H. | |
| 856 | 4 | 1 | _uhttp://www.loc.gov/catdir/toc/mh041/00031860.html |
| 856 | 4 | 2 | _uhttp://www.loc.gov/catdir/description/mh021/00031860.html |
| 856 | 4 | 2 | _uhttp://www.loc.gov/catdir/enhancements/fy0737/00031860-b.html |
| 942 | _cEK | ||
| 999 |
_c13835 _d13835 |
||